Statistiques concernant Images par lettre - A

Cliquez ici pour prendre le quiz!

Statistiques générales

  • Ce quiz a été pris 352 fois
  • Le résultat moyen est 10 sur 15

Statistiques - réponses

Réponse% Correct
Abricot
97%
Avion
94%
Accordéon
93%
Argentine
93%
Aurore boréale
87%
Adèle
79%
Anaconda
75%
Albanie
73%
Arabie saoudite
70%
Autriche
69%
Andorre
63%
Angola
48%
Autobus
34%
Ara macao
25%
Abaque
6%

Distribution des résultats

Percentile par nombre de réponses

% des personnes avec chaque résultat

Votre développement - résultats

Vous n’avez pas pris ce quiz